000 01405nam a2200421 i 4500
001 36140
003 KOSZ 005
005 20220726094213.0
008 980609s1998 pl f f 001 0 pol
015 _aPB 1998/7062
020 _a8371100868
040 _aWA N
_cWA N
_dKOSZ 005/RW
046 _k1998
080 _a342.25(438)
080 _a352/353(438)
080 _a(075.8)
100 1 _aLeoński, Zbigniew
_d(1929-2006)
_eAutor
245 1 0 _aSamorząd terytorialny w RP /
_cZbigniew Leoński.
260 _aWarszawa :
_bC. H. Beck,
_c1998.
300 _aXIV, 156 stron ;
_c21 cm.
336 _aTekst
_btxt
_2rdacontent
337 _aBez urządzenia pośredniczącego
_bn
_2rdamedia
338 _aWolumin
_bnc
_2rdacarrier
380 _aKsiążki
388 _a1901-2000
490 1 _aPodręczniki Prawnicze.
504 _aBibliografia na stronach [XIII]-XIV i przy rozdziałach. Indeks.
658 _aPrawo i wymiar sprawiedliwości
658 _aPolityka, politologia, administracja publiczna
655 7 _aPodręczniki akademickie
651 7 _aPolska
650 7 _aPrawo
650 7 _aSamorząd terytorialny
710 2 _aWydawnictwo C.H. Beck
_4pbl.
856 _uhttp://koha.tu.koszalin.pl/cgi-bin/koha/opac-detail.pl?biblionumber=36140
_yKatalog online BPK
830 0 _aPodręczniki Prawnicze
942 _2UKD
_cKS
999 _c36140
_d36140